00374nam a2200121Ia 4500008004000000020001800040082001700058100002200075245006100097260005200158300001000210650003200220210210b1994 xxu||||| |||| 00| 0 eng d a81 207 1342 7 a820.309 ASTB aASTON (Nathan M). aBhabani bhattacharya a stylistic analysis of his novels. aNew Delhi.bSterling Publishers Pvt Ltd.,c1994 ax,156 aStylistic Analysis Novels